[Event "DEM U10w 2023"]
[Site "Willingen GER"]
[Date "2023.05.31"]
[Round "6"]
[White "Berger, Jennifer"]
[Black "Lola, Georgia-Maria"]
[Result "1-0"]
[Termination "normal"]
[Board "6"]
[WhiteElo "1137"]
[BlackElo "1293"]
[WhiteClock "00:27:46"]
[BlackClock "00:29:17"]
[PlyCount "135"]
[WhiteFideId "34630074"]
[BlackFideId "34629335"]
[EventCountry "GER"]
[EventRounds "11"]
[EventType "swiss"]
[EventDate "2023.05.27"]

1. e4 {[%clk 01:15:53]} {[%emt 00:00:07]} e5 {[%clk 01:15:55]} {[%emt
00:00:06]} 2. Nf3 {[%clk 01:16:19]} {[%emt 00:00:04]} Nc6 {[%clk 01:16:17]}
{[%emt 00:00:08]} 3. d4 {[%clk 01:16:28]} {[%emt 00:00:20]} exd4 {[%clk
01:16:39]} {[%emt 00:00:08]} 4. Nxd4 {[%clk 01:16:54]} {[%emt 00:00:05]} Qh4
{[%clk 01:16:23]} {[%emt 00:00:45]} 5. Nb5 {[%clk 01:16:22]} {[%emt 00:01:02]}
Qxe4+ {[%clk 01:09:48]} {[%emt 00:07:05]} 6. Be2 {[%clk 01:16:19]} {[%emt
00:00:34]} Kd8 {[%clk 01:00:02]} {[%emt 00:10:16]} 7. O-O {[%clk 01:13:38]}
{[%emt 00:03:11]} Qe8 {[%clk 00:48:06]} {[%emt 00:12:23]} 8. Re1 {[%clk
01:08:21]} {[%emt 00:05:47]} Nge7 {[%clk 00:45:25]} {[%emt 00:03:12]} 9. Bf4
{[%clk 01:01:23]} {[%emt 00:07:27]} d6 {[%clk 00:40:24]} {[%emt 00:05:33]} 10.
Bxd6 {[%clk 00:59:46]} {[%emt 00:02:08]} cxd6 {[%clk 00:35:45]} {[%emt
00:05:09]} 11. Nxd6 {[%clk 00:59:30]} {[%emt 00:00:44]} Qd7 {[%clk 00:35:18]}
{[%emt 00:00:57]} 12. Nxf7+ {[%clk 00:59:45]} {[%emt 00:00:15]} Ke8 {[%clk
00:34:20]} {[%emt 00:01:19]} 13. Qxd7+ {[%clk 00:59:56]} {[%emt 00:00:30]} Bxd7
{[%clk 00:34:26]} {[%emt 00:00:22]} 14. Nxh8 {[%emt 00:01:13]} Nd4 {[%clk
00:33:15]} {[%emt 00:00:33]} 15. Bd3 {[%clk 01:00:08]} {[%emt 00:00:44]} Bb5
{[%clk 00:28:28]} {[%emt 00:05:15]} 16. Bxb5+ {[%clk 00:57:59]} {[%emt
00:02:41]} Nxb5 {[%clk 00:28:44]} {[%emt 00:00:14]} 17. Na3 {[%clk 00:56:31]}
{[%emt 00:01:59]} Nxa3 {[%clk 00:27:04]} {[%emt 00:02:10]} 18. bxa3 {[%clk
00:53:27]} {[%emt 00:03:34]} g6 {[%clk 00:26:27]} {[%emt 00:01:04]} 19. Rab1
{[%clk 00:53:12]} {[%emt 00:00:47]} b6 {[%clk 00:26:06]} {[%emt 00:00:52]} 20.
Rbd1 {[%clk 00:51:44]} {[%emt 00:01:56]} Bg7 {[%clk 00:24:48]} {[%emt
00:01:46]} 21. Nxg6 {[%clk 00:51:59]} {[%emt 00:00:18]} hxg6 {[%clk 00:25:03]}
{[%emt 00:00:15]} 22. Rd6 {[%emt 00:03:32]} Kf7 {[%clk 00:24:27]} {[%emt
00:00:58]} 23. Rd7 {[%clk 00:44:56]} {[%emt 00:04:39]} Bf6 {[%clk 00:23:07]}
{[%emt 00:01:42]} 24. h3 {[%clk 00:43:06]} {[%emt 00:02:29]} a5 {[%clk
00:22:30]} {[%emt 00:01:04]} 25. Rc7 {[%clk 00:42:09]} {[%emt 00:01:27]} Re8
{[%clk 00:21:43]} {[%emt 00:01:12]} 26. g4 {[%clk 00:40:37]} {[%emt 00:02:10]}
g5 {[%clk 00:21:11]} {[%emt 00:01:02]} 27. a4 {[%clk 00:34:22]} {[%emt
00:06:45]} Kg7 {[%clk 00:20:43]} {[%emt 00:00:57]} 28. c4 {[%clk 00:32:01]}
{[%emt 00:02:51]} Kf7 {[%clk 00:20:25]} {[%emt 00:00:47]} 29. c5 {[%clk
00:31:58]} {[%emt 00:00:35]} bxc5 {[%clk 00:20:49]} {[%emt 00:00:05]} 30. Rxc5
{[%clk 00:32:23]} {[%emt 00:00:06]} Kg7 {[%clk 00:20:24]} {[%emt 00:00:52]} 31.
Re2 {[%clk 00:30:07]} {[%emt 00:02:48]} Ra8 {[%clk 00:19:37]} {[%emt 00:01:14]}
32. Rc7 {[%clk 00:28:45]} {[%emt 00:01:55]} Ra6 {[%clk 00:18:40]} {[%emt
00:01:22]} 33. Rcxe7+ {[%clk 00:25:53]} {[%emt 00:03:28]} Bxe7 {[%clk
00:19:00]} {[%emt 00:00:09]} 34. Rxe7+ {[%clk 00:26:14]} {[%emt 00:00:10]} Kf6
{[%clk 00:19:24]} {[%emt 00:00:05]} 35. Rb7 {[%clk 00:26:09]} {[%emt 00:00:33]}
Rd6 {[%clk 00:19:36]} {[%emt 00:00:16]} 36. Rb5 {[%clk 00:26:19]} {[%emt
00:00:24]} Ra6 {[%clk 00:19:56]} {[%emt 00:00:09]} 37. Kg2 {[%clk 00:26:34]}
{[%emt 00:00:16]} Kg6 {[%clk 00:20:07]} {[%emt 00:00:19]} 38. Kg3 {[%clk
00:26:51]} {[%emt 00:00:14]} Kf6 {[%clk 00:20:10]} {[%emt 00:00:26]} 39. h4
{[%clk 00:27:05]} {[%emt 00:00:17]} gxh4+ {[%clk 00:20:33]} {[%emt 00:00:07]}
40. Kxh4 {[%clk 00:27:31]} {[%emt 00:00:03]} Kg7 {[%clk 00:20:41]} {[%emt
00:00:19]} 41. f4 {[%clk 00:27:42]} {[%emt 00:00:22]} Kh6 {[%clk 00:20:32]}
{[%emt 00:00:37]} 42. g5+ {[%clk 00:27:47]} {[%emt 00:00:28]} Kg6 {[%clk
00:20:54]} {[%emt 00:00:07]} 43. f5+ {[%clk 00:28:09]} {[%emt 00:00:09]} Kh7
{[%clk 00:21:17]} {[%emt 00:00:06]} 44. Kh5 {[%clk 00:27:47]} {[%emt 00:00:52]}
Rd6 {[%clk 00:21:33]} {[%emt 00:00:10]} 45. g6+ {[%clk 00:27:34]} {[%emt
00:00:48]} Kg7 {[%clk 00:21:57]} {[%emt 00:00:06]} 46. Kg5 {[%clk 00:23:06]}
{[%emt 00:04:58]} Ra6 {[%clk 00:21:53]} {[%emt 00:00:32]} 47. Rb7+ {[%clk
00:22:47]} {[%emt 00:00:50]} Kg8 {[%clk 00:22:14]} {[%emt 00:00:08]} 48. Kh6
{[%clk 00:22:48]} {[%emt 00:00:31]} Ra8 {[%clk 00:22:34]} {[%emt 00:00:10]} 49.
f6 {[%clk 00:22:22]} {[%emt 00:00:56]} Rf8 {[%clk 00:22:46]} {[%emt 00:00:15]}
50. f7+ {[%clk 00:22:33]} {[%emt 00:00:22]} Rxf7 {[%clk 00:23:07]} {[%emt
00:00:08]} 51. gxf7+ {[%clk 00:22:52]} {[%emt 00:00:11]} Kf8 {[%clk 00:23:28]}
{[%emt 00:00:09]} 52. Rb8+ {[%clk 00:22:53]} {[%emt 00:00:28]} Kxf7 {[%clk
00:23:52]} {[%emt 00:00:07]} 53. Rb6 {[%clk 00:23:10]} {[%emt 00:00:14]} Ke7
{[%clk 00:24:17]} {[%emt 00:00:05]} 54. Kg5 {[%clk 00:23:34]} {[%emt 00:00:05]}
Kd7 {[%clk 00:24:38]} {[%emt 00:00:08]} 55. Rh6 {[%clk 00:23:57]} {[%emt
00:00:07]} Kc7 {[%clk 00:25:05]} {[%emt 00:00:04]} 56. Kf5 {[%clk 00:24:17]}
{[%emt 00:00:12]} Kb7 {[%clk 00:25:28]} {[%emt 00:00:06]} 57. Ke5 {[%clk
00:24:40]} {[%emt 00:00:07]} Ka7 {[%clk 00:25:52]} {[%emt 00:00:06]} 58. Kd5
{[%clk 00:25:06]} {[%emt 00:00:03]} Kb7 {[%clk 00:26:17]} {[%emt 00:00:05]} 59.
Kc5 {[%clk 00:25:32]} {[%emt 00:00:05]} Kc7 {[%emt 00:00:11]} 60. Rh7+ {[%emt
00:00:08]} Kd8 {[%clk 00:26:22]} {[%emt 00:00:05]} 61. Kc6 {[%clk 00:25:19]}
{[%emt 00:00:49]} Ke8 {[%clk 00:26:48]} {[%emt 00:00:04]} 62. Ra7 {[%clk
00:25:44]} {[%emt 00:00:06]} Kf8 {[%clk 00:27:12]} {[%emt 00:00:05]} 63. Kd6
{[%clk 00:26:07]} {[%emt 00:00:07]} Ke8 {[%clk 00:27:35]} {[%emt 00:00:07]} 64.
Rb7 {[%clk 00:26:29]} {[%emt 00:00:08]} Kf8 {[%clk 00:28:01]} {[%emt 00:00:04]}
65. Ke6 {[%clk 00:26:53]} {[%emt 00:00:06]} Kg8 {[%clk 00:28:27]} {[%emt
00:00:05]} 66. Kf6 {[%clk 00:27:20]} {[%emt 00:00:03]} Kh8 {[%clk 00:28:52]}
{[%emt 00:00:04]} 67. Kg6 {[%clk 00:27:48]} {[%emt 00:00:02]} Kg8 {[%clk
00:29:17]} {[%emt 00:00:05]} 68. Rb8# {[%clk 00:27:46]} {[%emt 00:00:02]} 1-0

[Event "DEM U10w 2023"]
[Site "Willingen GER"]
[Date "2023.05.31"]
[Round "6"]
[White "Bacakova, Klara"]
[Black "Tiuca, Emma"]
[Result "1-0"]
[Termination "normal"]
[Board "7"]
[WhiteElo "1289"]
[BlackElo "1149"]
[WhiteClock "00:10:00"]
[BlackClock "01:05:34"]
[PlyCount "81"]
[WhiteFideId "34605762"]
[BlackFideId "4007549"]
[EventCountry "GER"]
[EventRounds "11"]
[EventType "swiss"]
[EventDate "2023.05.27"]

1. e4 {[%clk 01:15:58]} {[%emt 00:00:01]} e6 {[%clk 01:15:53]} {[%emt
00:00:07]} 2. d3 {[%clk 01:16:23]} {[%emt 00:00:05]} d5 {[%clk 01:16:14]}
{[%emt 00:00:09]} 3. Nd2 {[%clk 01:16:46]} {[%emt 00:00:08]} c5 {[%clk
01:16:14]} {[%emt 00:00:29]} 4. Ngf3 {[%clk 01:16:56]} {[%emt 00:00:20]} Nc6
{[%clk 01:16:23]} {[%emt 00:00:17]} 5. g3 {[%clk 01:17:04]} {[%emt 00:00:26]}
Be7 {[%clk 01:15:48]} {[%emt 00:01:05]} 6. Bg2 {[%clk 01:17:12]} {[%emt
00:00:22]} Nh6 {[%clk 01:15:17]} {[%emt 00:01:00]} 7. O-O {[%clk 01:12:45]}
{[%emt 00:04:59]} O-O {[%clk 01:15:34]} {[%emt 00:00:12]} 8. Re1 {[%clk
01:11:40]} {[%emt 00:01:35]} Bd7 {[%clk 01:15:39]} {[%emt 00:00:21]} 9. e5
{[%clk 01:10:13]} {[%emt 00:02:01]} f6 {[%clk 01:15:16]} {[%emt 00:00:48]} 10.
Bh3 {[%clk 01:02:38]} {[%emt 00:08:09]} Qc8 {[%clk 01:14:52]} {[%emt 00:00:46]}
11. b3 {[%clk 00:57:33]} {[%emt 00:05:45]} Nf7 {[%clk 01:14:19]} {[%emt
00:00:59]} 12. exf6 {[%clk 00:53:04]} {[%emt 00:05:03]} Bxf6 {[%clk 01:14:33]}
{[%emt 00:00:14]} 13. Rb1 {[%clk 00:53:03]} {[%emt 00:00:33]} e5 {[%clk
01:14:27]} {[%emt 00:00:29]} 14. Bg2 {[%clk 00:49:27]} {[%emt 00:04:12]} Bh3
{[%clk 01:14:42]} {[%emt 00:00:14]} 15. Bxh3 {[%clk 00:46:55]} {[%emt
00:03:02]} Qxh3 {[%clk 01:15:00]} {[%emt 00:00:11]} 16. Qe2 {[%clk 00:45:26]}
{[%emt 00:02:01]} Rae8 {[%clk 01:14:59]} {[%emt 00:00:27]} 17. Qf1 {[%clk
00:44:38]} {[%emt 00:01:21]} Qxf1+ {[%clk 01:15:04]} {[%emt 00:00:24]} 18. Rxf1
{[%clk 00:43:43]} {[%emt 00:01:27]} Be7 {[%clk 01:14:45]} {[%emt 00:00:48]} 19.
Ba3 {[%clk 00:41:30]} {[%emt 00:02:45]} b6 {[%clk 01:14:13]} {[%emt 00:01:01]}
20. Rbe1 {[%clk 00:41:20]} {[%emt 00:00:40]} Bf6 {[%clk 01:13:43]} {[%emt
00:00:56]} 21. Re2 {[%clk 00:33:13]} {[%emt 00:08:41]} Ng5 {[%clk 01:13:51]}
{[%emt 00:00:22]} 22. Kg2 {[%clk 00:30:58]} {[%emt 00:02:45]} Nxf3 {[%clk
01:13:32]} {[%emt 00:00:46]} 23. Nxf3 {[%clk 00:27:40]} {[%emt 00:03:50]} Re6
{[%clk 01:12:39]} {[%emt 00:01:20]} 24. Kg1 {[%clk 00:24:23]} {[%emt 00:03:51]}
Rfe8 {[%clk 01:12:24]} {[%emt 00:00:42]} 25. Rfe1 {[%clk 00:23:18]} {[%emt
00:01:39]} h6 {[%clk 01:11:32]} {[%emt 00:01:21]} 26. Bb2 {[%clk 00:20:00]}
{[%emt 00:03:48]} d4 {[%clk 01:11:39]} {[%emt 00:00:21]} 27. c3 {[%clk
00:19:21]} {[%emt 00:01:12]} Kh8 {[%clk 01:08:52]} {[%emt 00:03:14]} 28. cxd4
{[%clk 00:16:02]} {[%emt 00:03:51]} cxd4 {[%clk 01:09:07]} {[%emt 00:00:13]}
29. Nxd4 {[%clk 00:15:43]} {[%emt 00:00:51]} Nxd4 {[%clk 01:09:23]} {[%emt
00:00:12]} 30. Bxd4 {[%clk 00:16:02]} {[%emt 00:00:12]} Kg8 {[%clk 01:09:11]}
{[%emt 00:00:40]} 31. f4 {[%clk 00:14:04]} {[%emt 00:02:31]} Kf7 {[%clk
01:08:23]} {[%emt 00:01:18]} 32. fxe5 {[%clk 00:14:07]} {[%emt 00:00:27]} Be7
{[%clk 01:08:15]} {[%emt 00:00:34]} 33. Rf1+ {[%clk 00:14:11]} {[%emt
00:00:30]} Kg8 {[%clk 01:08:35]} {[%emt 00:00:09]} 34. Rf4 {[%clk 00:13:14]}
{[%emt 00:01:29]} Bg5 {[%clk 01:08:32]} {[%emt 00:00:22]} 35. Rg4 {[%clk
00:12:47]} {[%emt 00:01:07]} Be7 {[%clk 01:08:09]} {[%emt 00:00:51]} 36. Bc3
{[%clk 00:12:02]} {[%emt 00:01:18]} Bd6 {[%clk 01:06:22]} {[%emt 00:02:09]} 37.
d4 {[%clk 00:11:51]} {[%emt 00:00:49]} R6e7 {[%clk 01:05:52]} {[%emt 00:00:51]}
38. Bd2 {[%clk 00:11:16]} {[%emt 00:01:14]} Kh7 {[%clk 01:05:44]} {[%emt
00:00:33]} 39. Rh4 {[%clk 00:09:55]} {[%emt 00:01:54]} g5 {[%clk 01:05:29]}
{[%emt 00:00:43]} 40. Bxg5 {[%clk 00:09:58]} {[%emt 00:00:30]} Kg6 {[%clk
01:05:34]} {[%emt 00:00:23]} 41. Bxe7 {[%clk 00:10:00]} {[%emt 00:00:30]} 1-0

[Event "DEM U10w 2023"]
[Site "Willingen GER"]
[Date "2023.05.31"]
[Round "6"]
[White "Greither, Flora"]
[Black "Nönnig, Lotte"]
[Result "0-1"]
[Termination "normal"]
[Board "8"]
[WhiteElo "978"]
[BlackElo "1341"]
[WhiteClock "00:51:02"]
[BlackClock "00:56:03"]
[PlyCount "46"]
[WhiteFideId "533000697"]
[BlackFideId "34611509"]
[EventCountry "GER"]
[EventRounds "11"]
[EventType "swiss"]
[EventDate "2023.05.27"]

1. e4 {[%clk 01:15:58]} {[%emt 00:00:02]} e5 {[%clk 01:15:54]} {[%emt
00:00:06]} 2. Nf3 {[%clk 01:16:25]} {[%emt 00:00:04]} Nc6 {[%clk 01:16:17]}
{[%emt 00:00:06]} 3. Bb5 {[%clk 01:16:48]} {[%emt 00:00:08]} a6 {[%clk
01:16:34]} {[%emt 00:00:13]} 4. Ba4 {[%clk 01:17:11]} {[%emt 00:00:06]} Bc5
{[%clk 01:15:59]} {[%emt 00:01:05]} 5. d3 {[%clk 01:17:33]} {[%emt 00:00:09]}
Nf6 {[%clk 01:14:35]} {[%emt 00:01:54]} 6. Bg5 {[%clk 01:17:52]} {[%emt
00:00:10]} h6 {[%clk 01:13:45]} {[%emt 00:01:21]} 7. Bh4 {[%clk 01:18:12]}
{[%emt 00:00:09]} d6 {[%clk 01:11:33]} {[%emt 00:02:43]} 8. c3 {[%clk
01:17:35]} {[%emt 00:01:06]} Be6 {[%clk 01:10:28]} {[%emt 00:01:35]} 9. Nbd2
{[%clk 01:17:32]} {[%emt 00:00:33]} b5 {[%clk 01:09:32]} {[%emt 00:01:27]} 10.
Bb3 {[%clk 01:17:51]} {[%emt 00:00:11]} Bxb3 {[%clk 01:09:31]} {[%emt
00:00:30]} 11. axb3 {[%clk 01:18:07]} {[%emt 00:00:14]} O-O {[%clk 01:08:54]}
{[%emt 00:01:08]} 12. O-O {[%clk 01:18:21]} {[%emt 00:00:15]} Qe7 {[%clk
01:08:09]} {[%emt 00:01:13]} 13. b4 {[%clk 01:17:55]} {[%emt 00:00:59]} Bb6
{[%clk 01:08:08]} {[%emt 00:00:29]} 14. h3 {[%clk 01:14:54]} {[%emt 00:03:32]}
Qe6 {[%clk 01:07:30]} {[%emt 00:01:07]} 15. c4 {[%clk 01:12:45]} {[%emt
00:02:40]} Nxb4 {[%clk 01:05:21]} {[%emt 00:02:40]} 16. cxb5 {[%clk 01:12:50]}
{[%emt 00:00:24]} axb5 {[%clk 01:05:27]} {[%emt 00:00:25]} 17. Rxa8 {[%clk
01:10:25]} {[%emt 00:02:54]} Rxa8 {[%clk 01:05:38]} 18. Qe2 {[%clk 01:08:46]}
{[%emt 00:02:27]} Nh5 {[%clk 01:01:43]} {[%emt 00:04:26]} 19. Nh2 {[%clk
01:00:15]} {[%emt 00:09:01]} Nf4 {[%clk 01:00:31]} {[%emt 00:01:43]} 20. Qf3
{[%clk 01:00:19]} {[%emt 00:00:24]} Nbxd3 {[%clk 00:59:57]} {[%emt 00:01:05]}
21. Ng4 {[%clk 00:58:47]} {[%emt 00:02:02]} Nxb2 {[%clk 00:56:57]} {[%emt
00:03:30]} 22. Rb1 {[%clk 00:53:20]} {[%emt 00:05:56]} Ra2 {[%clk 00:56:03]}
{[%emt 00:01:24]} 23. Qg3 {[%clk 00:51:02]} {[%emt 00:02:43]} Ne2+ {[%emt
00:03:57]} 0-1

[Event "DEM U10w 2023"]
[Site "Willingen GER"]
[Date "2023.05.31"]
[Round "6"]
[White "Lukas, Olivia"]
[Black "Bayer, Klara"]
[Result "1-0"]
[Termination "normal"]
[Board "9"]
[WhiteElo "1288"]
[BlackElo "1043"]
[WhiteClock "00:20:40"]
[BlackClock "00:56:42"]
[PlyCount "127"]
[WhiteFideId "34632239"]
[BlackFideId "34658955"]
[EventCountry "GER"]
[EventRounds "11"]
[EventType "swiss"]
[EventDate "2023.05.27"]

1. e4 {[%clk 01:15:56]} {[%emt 00:00:03]} c5 {[%clk 01:15:51]} {[%emt
00:00:10]} 2. c4 {[%clk 01:16:19]} {[%emt 00:00:06]} d6 {[%clk 01:15:53]}
{[%emt 00:00:29]} 3. g3 {[%clk 01:16:33]} {[%emt 00:00:16]} Nf6 {[%clk
01:16:05]} {[%emt 00:00:19]} 4. Bg2 {[%clk 01:16:32]} {[%emt 00:00:29]} Nc6
{[%clk 01:15:32]} {[%emt 00:01:05]} 5. Ne2 {[%clk 01:16:07]} {[%emt 00:00:52]}
g6 {[%clk 01:15:31]} {[%emt 00:00:32]} 6. Nbc3 {[%clk 01:16:08]} {[%emt
00:00:29]} Bg7 {[%clk 01:15:45]} {[%emt 00:00:17]} 7. d3 {[%clk 01:16:06]}
{[%emt 00:00:31]} a6 {[%clk 01:15:04]} {[%emt 00:01:13]} 8. a3 {[%clk
01:14:37]} {[%emt 00:01:59]} b6 {[%clk 01:15:13]} {[%emt 00:00:18]} 9. e5
{[%clk 01:12:12]} {[%emt 00:02:57]} Nd7 {[%clk 01:12:33]} {[%emt 00:03:10]} 10.
Bxc6 {[%clk 01:11:23]} {[%emt 00:01:18]} Rb8 {[%clk 01:12:40]} {[%emt
00:00:24]} 11. exd6 {[%clk 01:11:03]} {[%emt 00:00:49]} exd6 {[%clk 01:12:46]}
{[%emt 00:00:26]} 12. Bg2 {[%clk 01:10:21]} {[%emt 00:01:12]} O-O {[%clk
01:12:22]} {[%emt 00:00:54]} 13. O-O {[%clk 01:09:55]} {[%emt 00:00:54]} Re8
{[%clk 01:12:15]} {[%emt 00:00:38]} 14. Re1 {[%clk 01:07:38]} {[%emt 00:02:47]}
Ne5 {[%clk 01:10:22]} {[%emt 00:02:22]} 15. b3 {[%clk 00:59:42]} {[%emt
00:08:28]} Bf5 {[%clk 01:09:34]} {[%emt 00:01:16]} 16. Be4 {[%clk 00:57:47]}
{[%emt 00:02:23]} Bxe4 {[%clk 01:09:39]} {[%emt 00:00:29]} 17. dxe4 {[%clk
00:57:21]} {[%emt 00:00:54]} Nf3+ {[%clk 01:09:36]} {[%emt 00:00:33]} 18. Kg2
{[%clk 00:57:05]} {[%emt 00:00:47]} Nxe1+ {[%clk 01:09:56]} {[%emt 00:00:10]}
19. Qxe1 {[%clk 00:56:53]} {[%emt 00:00:41]} b5 {[%clk 01:08:06]} {[%emt
00:02:22]} 20. f3 {[%clk 00:50:13]} {[%emt 00:07:09]} b4 {[%clk 01:07:16]}
{[%emt 00:01:19]} 21. Rb1 {[%clk 00:47:38]} {[%emt 00:03:06]} Bxc3 {[%clk
01:06:48]} {[%emt 00:00:59]} 22. Nxc3 {[%clk 00:47:40]} {[%emt 00:00:28]} bxc3
{[%clk 01:07:11]} {[%emt 00:00:07]} 23. Qxc3 {[%clk 00:47:29]} {[%emt
00:00:39]} Qe7 {[%clk 01:06:13]} {[%emt 00:01:29]} 24. Bb2 {[%clk 00:44:33]}
{[%emt 00:03:26]} Qe5 {[%clk 01:06:17]} {[%emt 00:00:26]} 25. Qe3 {[%clk
00:41:18]} {[%emt 00:03:44]} Qe7 {[%clk 01:05:41]} {[%emt 00:01:08]} 26. Qc3
{[%clk 00:40:40]} {[%emt 00:01:07]} Qe5 {[%clk 01:05:28]} {[%emt 00:00:43]} 27.
Qe3 {[%clk 00:39:28]} {[%emt 00:01:42]} Qe7 {[%clk 01:05:10]} {[%emt 00:00:48]}
28. Qc3 {[%clk 00:39:05]} {[%emt 00:00:54]} f6 {[%clk 01:04:57]} {[%emt
00:00:42]} 29. Qxf6 {[%clk 00:38:35]} {[%emt 00:00:59]} Qxf6 {[%clk 01:05:19]}
{[%emt 00:00:09]} 30. Bxf6 {[%clk 00:38:48]} {[%emt 00:00:17]} a5 {[%clk
01:05:40]} {[%emt 00:00:10]} 31. Bc3 {[%clk 00:38:22]} {[%emt 00:00:55]} a4
{[%clk 01:06:04]} {[%emt 00:00:07]} 32. b4 {[%clk 00:38:22]} {[%emt 00:00:29]}
Rb7 {[%clk 01:06:05]} {[%emt 00:00:29]} 33. Kf2 {[%clk 00:37:47]} {[%emt
00:01:06]} Kf7 {[%clk 01:05:58]} {[%emt 00:00:37]} 34. b5 {[%clk 00:37:07]}
{[%emt 00:01:10]} Ke6 {[%clk 01:05:07]} {[%emt 00:01:19]} 35. Re1 {[%clk
00:35:18]} {[%emt 00:02:21]} Rd8 {[%clk 01:03:25]} {[%emt 00:02:10]} 36. f4
{[%clk 00:34:10]} {[%emt 00:01:40]} h5 {[%clk 01:01:37]} {[%emt 00:02:17]} 37.
Kg2 {[%clk 00:34:04]} {[%emt 00:00:36]} Kf7 {[%clk 01:00:48]} {[%emt 00:01:20]}
38. Kh3 {[%clk 00:34:08]} {[%emt 00:00:25]} Kg8 {[%clk 01:01:09]} {[%emt
00:00:10]} 39. Rd1 {[%clk 00:33:15]} {[%emt 00:01:23]} Rdd7 {[%clk 01:00:40]}
{[%emt 00:00:57]} 40. Kh4 {[%clk 00:33:04]} {[%emt 00:00:42]} Rb6 {[%clk
01:00:33]} {[%emt 00:00:37]} 41. Kg5 {[%clk 00:32:37]} {[%emt 00:00:56]} Kh7
{[%clk 01:00:21]} {[%emt 00:00:43]} 42. e5 {[%clk 00:30:14]} {[%emt 00:02:53]}
Kg8 {[%clk 00:57:38]} {[%emt 00:03:13]} 43. Ba5 {[%clk 00:27:50]} {[%emt
00:02:54]} Rbb7 {[%clk 00:57:19]} {[%emt 00:00:50]} 44. exd6 {[%clk 00:26:56]}
{[%emt 00:01:25]} Kf7 {[%clk 00:56:49]} {[%emt 00:00:58]} 45. Bc7 {[%clk
00:25:19]} {[%emt 00:02:08]} Kg7 {[%clk 00:56:11]} {[%emt 00:01:07]} 46. Re1
{[%clk 00:21:51]} {[%emt 00:03:58]} Kf7 {[%clk 00:55:26]} {[%emt 00:01:15]} 47.
Re5 {[%clk 00:21:06]} {[%emt 00:01:16]} Rbxc7 {[%clk 00:54:30]} {[%emt
00:01:26]} 48. dxc7 {[%clk 00:21:00]} {[%emt 00:00:35]} Rxc7 {[%clk 00:54:48]}
{[%emt 00:00:12]} 49. f5 {[%clk 00:20:12]} {[%emt 00:01:18]} gxf5 {[%clk
00:54:58]} {[%emt 00:00:20]} 50. Rxf5+ {[%clk 00:20:27]} {[%emt 00:00:15]} Ke6
{[%clk 00:55:14]} {[%emt 00:00:14]} 51. Rd5 {[%clk 00:20:36]} {[%emt 00:00:21]}
Rd7 {[%clk 00:54:52]} {[%emt 00:00:53]} 52. Rxd7 {[%clk 00:20:39]} {[%emt
00:00:27]} Kxd7 {[%clk 00:55:16]} {[%emt 00:00:06]} 53. Kxh5 {[%clk 00:21:01]}
{[%emt 00:00:07]} Ke7 {[%clk 00:55:29]} {[%emt 00:00:17]} 54. g4 {[%clk
00:21:24]} {[%emt 00:00:07]} Kf6 {[%clk 00:55:37]} {[%emt 00:00:22]} 55. b6
{[%clk 00:21:46]} {[%emt 00:00:08]} Ke5 {[%clk 00:55:27]} {[%emt 00:00:40]} 56.
b7 {[%emt 00:00:08]} Kd4 {[%emt 00:00:01]} 57. b8=Q {[%clk 00:21:53]} {[%emt
00:00:13]} Kxc4 {[%clk 00:55:54]} {[%emt 00:00:03]} 58. g5 {[%clk 00:21:52]}
{[%emt 00:00:32]} Kc3 {[%clk 00:56:17]} {[%emt 00:00:07]} 59. g6 {[%clk
00:22:16]} {[%emt 00:00:06]} c4 {[%clk 00:56:43]} {[%emt 00:00:05]} 60. g7
{[%clk 00:22:32]} {[%emt 00:00:13]} Kc2 {[%clk 00:57:04]} {[%emt 00:00:08]} 61.
g8=Q {[%emt 00:02:34]} c3 {[%emt 00:00:13]} 62. Qg2+ {[%clk 00:21:09]} {[%emt
00:00:23]} Kc1 {[%clk 00:56:58]} {[%emt 00:00:35]} 63. Qf4+ {[%clk 00:20:22]}
{[%emt 00:01:18]} Kb1 {[%clk 00:56:42]} {[%emt 00:00:46]} 64. Qff1# {[%clk
00:20:40]} {[%emt 00:00:10]} 1-0

[Event "DEM U10w 2023"]
[Site "Willingen GER"]
[Date "2023.05.31"]
[Round "6"]
[White "Englert, Ann"]
[Black "Döscher, Nayla"]
[Result "1-0"]
[Termination "normal"]
[Board "10"]
[WhiteElo "1328"]
[BlackElo "1111"]
[WhiteClock "00:57:33"]
[BlackClock "00:37:57"]
[PlyCount "37"]
[WhiteFideId "34606181"]
[BlackFideId "34625046"]
[EventCountry "GER"]
[EventRounds "11"]
[EventType "swiss"]
[EventDate "2023.05.27"]

1. d4 {[%clk 01:15:58]} {[%emt 00:00:01]} d5 {[%clk 01:15:51]} {[%emt
00:00:09]} 2. c4 {[%clk 01:16:21]} {[%emt 00:00:06]} e6 {[%clk 01:16:10]}
{[%emt 00:00:12]} 3. Nc3 {[%clk 01:16:27]} {[%emt 00:00:24]} Nf6 {[%clk
01:16:22]} {[%emt 00:00:17]} 4. cxd5 {[%clk 01:16:46]} {[%emt 00:00:11]} exd5
{[%clk 01:16:32]} {[%emt 00:00:20]} 5. Bg5 {[%clk 01:17:05]} {[%emt 00:00:12]}
Nbd7 {[%clk 01:16:43]} {[%emt 00:00:19]} 6. e3 {[%clk 01:17:22]} {[%emt
00:00:13]} Be7 {[%clk 01:15:59]} {[%emt 00:01:14]} 7. Bd3 {[%clk 01:17:27]}
{[%emt 00:00:24]} c6 {[%clk 01:13:10]} {[%emt 00:03:20]} 8. Nf3 {[%clk
01:13:47]} {[%emt 00:04:09]} O-O {[%clk 01:11:16]} {[%emt 00:02:24]} 9. O-O
{[%clk 01:13:15]} {[%emt 00:01:02]} Re8 {[%clk 01:05:48]} {[%emt 00:05:59]} 10.
Ne5 {[%clk 01:09:55]} {[%emt 00:03:50]} Nf8 {[%clk 00:58:02]} {[%emt 00:08:15]}
11. f4 {[%clk 01:05:54]} {[%emt 00:04:32]} g6 {[%clk 00:49:33]} {[%emt
00:08:59]} 12. Bh6 {[%clk 01:02:26]} {[%emt 00:03:58]} Ne6 {[%clk 00:45:40]}
{[%emt 00:04:22]} 13. Qf3 {[%clk 01:01:14]} {[%emt 00:01:40]} Ng7 {[%clk
00:45:37]} {[%emt 00:00:36]} 14. g4 {[%clk 00:58:08]} {[%emt 00:03:36]} Bd6
{[%clk 00:39:17]} {[%emt 00:06:50]} 15. f5 {[%clk 00:56:33]} {[%emt 00:02:05]}
Bxe5 {[%clk 00:38:45]} {[%emt 00:01:01]} 16. dxe5 {[%clk 00:56:57]} {[%emt
00:00:06]} Rxe5 {[%clk 00:38:47]} {[%emt 00:00:29]} 17. fxg6 {[%clk 00:57:18]}
{[%emt 00:00:09]} fxg6 {[%clk 00:38:37]} {[%emt 00:00:40]} 18. Qxf6 {[%clk
00:57:16]} {[%emt 00:00:32]} Re7 {[%clk 00:37:57]} {[%emt 00:01:08]} 19. Bxg7
{[%clk 00:57:33]} {[%emt 00:00:14]} 1-0